000 02610nam0a2200373 4500
001 RU\NLR\bibl\1715894
005 20260406103442.0
010 _a978-5-17-070193-3
_bАСТ
_92000
021 _aRU
_b2010-93037
_96262
035 _a(nilc)RSL-KNO-004833399
035 _aKML\BIBL\0000019009
035 _a(NLR Aleph) 001706908
090 _a1255688
_c1255688
100 _a20101129d2010 |||y0rusy50 ca
101 1 _arus
_ceng
102 _aRU
105 _ay zzzz|||||
200 1 _aЗаводной апельсин
_e[роман]
_fЭнтони Берджесс
_g[пер. с англ. В. Б. Бошняка]
210 _aМосква
_cАСТ
_cАстрель
_d2010
215 _a222, [1] с.
_d21
225 1 _aАльтернатива
330 _aЗаводной апельсин - литературный парадокс XX столетия. Продолжая футуристические традиции в литературе, экспериментируя с языком, на котором говорит рубежное поколение malltshipalltshikov и kisok надсатых , Энтони Берджесс создает роман, признанный классикой современной литературы. Умный, жестокий, харизматичный антигерой Алекс, лидер уличной банды, проповедуя насилие как высокое искусство жизни, как род наслаждения, попадает в железные тиски новейшей государственной программы по перевоспитанию преступников и сам становится жертвой насилия. Можно ли спасти мир от зла, лишая человека воли совершать поступки и превращая его в заводной апельсин Этот вопрос сегодня актуален так же, как и вчера, и вопрос этот автор задает читателю.
686 _aШ5(4Вл)62-644
_2rubbk
686 _a0611
_aЗарубежная проза
_2TCC-BG
686 _aШ6(4Вл)67-440.4{Лх1299-50}
700 1 _4070
_8rus
_7ca
_aБерджесс
_bЭ.
_f1917-1993
_gЭнтони
_3RU\NLR\auth\7789215
_972143
801 0 _aRU
_bРКП
_c20101129
_grcr
801 1 _aRU
_bРГБ
_c20101129
801 2 _aRU
_bЦУНБ Москва
_c20110204
_grcr
801 2 _aRU
_bNLR
_c20101220
_grcr
830 _aCODE_OF_LIBNET\000056343
942 _cBOOK
980 _aNB